<The> Time series properties of corporate cash flows preliminary evidence from some finnish firms

Gespeichert in:
Bibliographische Detailangaben
1. Verfasser: Kinnunen, Juha
Format: Buch
Sprache:Englisch
Veröffentlicht: Helsinky School of Economics 1984
Ausgabe:1. ed.
Tags: Tag hinzufügen
Keine Tags, Fügen Sie das erste Tag hinzu!

MARC

LEADER 00000nam a2200000 4500
001 c112760
005 20240417083538.4
041 0 |a eng 
044 |a FI 
245 1 0 |a <The> Time series properties of corporate cash flows  |b preliminary evidence from some finnish firms  |c Juha Kinnunen 
250 |a 1. ed. 
264 1 |a Helsinky  |b School of Economics  |c 1984 
300 |a 187 s. 
100 1 |a Kinnunen, Juha